Steins;Gate Characters Quiz Stats

 Plays Quiz not verified by Sporcle

Score 0/10 Timer 03:00
0 Plays Today
Hint Character % Correct
Protagonist who discovers how to time travelRintarou Okabe
98.4%
Protagonist's stern female assistant Kurisu Makise
95.4%
Protagonist's optimistic childhood friendMayuri Shiina
93.5%
Protagonist's otaku friend and 'Super Hacker'Itaru Hashida
92.7%
Part-time worker at the CRT TV WorkshopSuzuha Amane
80.2%
Owner of the CRT TV WorkshopYuugo Tennouji
77.4%
'Shining Finger'Moeka Kiryuu
75.4%
Bish┼Źnen who wears a mikoRuka Urushibara
69.7%
Only daughter of the CRT TV Workshop's ownerNae Tennouji
59%
Maid cafe worker with a father complexRumiho Akiha
47.8%

You're not logged in!

Compare scores with friends on all Sporcle quizzes.
OR
Log In

Show Comments

Extras

Created Dec 3, 2011ReportNominate
Tags:character, gate, stein

Top Quizzes Today


Score Distribution

Your Account Isn't Verified!

In order to create a playlist on Sporcle, you need to verify the email address you used during registration. Go to your Sporcle Settings to finish the process.

Report this User

Report this user for behavior that violates our Community Guidelines.

Details: